=LDR 00000nam 2200000 4500 =001 INLIS000000000037113 =005 20130612142847 =008 ***********************************Ind** =035 ##$$0010-061300000037113 =041 ##$$a Ind =082 ##$$a 658.409 =090 ##$$a 658.409, Rac f =100 ##$$a Rachman, Gileen =245 ##$$a Fit dan proper, memberdayakan manusia memenangi pertandingan, Gileen Rachman ; Sylvina Savitri =260 ##$$a 2009 $b Jakarta =300 ##$$a 248 hlm, ilus, 23 cm =650 ##$$a Kepemimpinan =850 ##$$a NBPNMAT =990 ##$$a 0001/BPAP-NTB/20142015